| 000 | 00965nam a2200241 a 4500 | ||
|---|---|---|---|
| 001 | 000014980 | ||
| 005 | 20260527074041.0 | ||
| 008 | 100128s2005 dr ac 001 0 spa d | ||
| 020 | _a9993439436 | ||
| 040 |
_aDO-SdBNP _bspa _cBNPHU |
||
| 082 |
_a923.27293 _bP349c |
||
| 100 | 1 |
_aCedeño Pecunia, Marina Altagracia _933911 |
|
| 245 | 1 | 0 |
_aPeña Gómez : _blíder de multitudes / _cMarina Altagracia Cedeño Pecunia ; prólogo Domingo Selié Gatón. |
| 260 |
_aSanto Domingo : _bLibrería La Trinitaria, _c2005. _fBúho |
||
| 300 |
_a166 p. : _bil., retrs. ; _c22 cm. |
||
| 501 | _aIncluye datos biográficos del autor en la solapa. | ||
| 590 | _aInventariado, 2020/BT | ||
| 600 | 1 | 0 |
_aPeña Gomez, Jose Francisco , _d1937-1998 _92994 |
| 650 | 4 |
_aPolíticos _zRepública Dominicana _xBiografía _933912 |
|
| 650 | 0 |
_aPartidos políticos _zRepública Dominicana _9285 |
|
| 700 | 1 |
_aGatón Selié, Domingo, _epról. _933913 |
|
| 910 | _aValidado. Control de calidad EMS. | ||
| 999 |
_c14553 _d14553 |
||